logo

Bir Sreshtho Munshi Abdur Rouf Library
Jhenaidah Cadet College

Technical physics / (Record no. 8355)

MARC details
000 -LEADER
fixed length control field 00750cam a2200277 a 4500
001 - CONTROL NUMBER
JCCL Control Number 8355
003 - CONTROL NUMBER IDENTIFIER
JCCL marc code BD-JhCC
005 - DATE AND TIME OF LATEST TRANSACTION
control field 20221201134023.0
008 - FIXED-LENGTH DATA ELEMENTS--GENERAL INFORMATION
fixed length control field 871211s1989 maua 001 0 eng
020 ## - INTERNATIONAL STANDARD BOOK NUMBER
International Standard Book Number 0534076866
035 ## - SYSTEM CONTROL NUMBER
system control number (BD-JhCC)8355
040 ## - CATALOGING SOURCE
Original cataloging agency DLC
Transcribing agency DLC
Modifying agency DLC
-- BD-JhCC
041 ## - LANGUAGE CODE
Language code of Book eng
050 00 - LIBRARY OF CONGRESS CALL NUMBER
Classification number QC21.2
Item number .B495 1989
082 00 - DEWEY DECIMAL CLASSIFICATION NUMBER
Classification number 530
DDC Edition number 19
Author mark and Year BIG 1989
100 1# - MAIN ENTRY--PERSONAL NAME
Personal name Bigliani, Raymond E.
245 10 - TITLE STATEMENT
Title Technical physics /
Statement of responsibility, etc Raymond E. Bigliani, Gary Ferrigno.
260 ## - PUBLICATION, DISTRIBUTION, ETC. (IMPRINT)
Place of publication, distribution, etc Boston :
Name of publisher, distributor, etc PWS-Kent Pub. Co.,
Date of publication, distribution, etc c1989.
300 ## - PHYSICAL DESCRIPTION
Pagination xii, 894 p. :
Other physical details ill. ;
Dimensions 25 cm.
440 #0 -
Title PWS-Kent series in technology
500 ## - GENERAL NOTE
General note Includes index.
650 #0 - SUBJECT ADDED ENTRY--TOPICAL TERM
Topical term or geographic name as entry element Physics.
700 1# - ADDED ENTRY--PERSONAL NAME
Personal name Ferrigno, Gary.
942 ## - ADDED ENTRY ELEMENTS (KOHA)
Source of classification or shelving scheme Dewey Decimal Classification
Koha item type Books
Koha issues (borrowed), all copies 5
Holdings
Source of classification or shelving scheme Damaged status Not for loan Home library Current library Shelving location Date of accession Total Checkouts Full call number Barcode Date last seen Date checked out Copy number Koha item type
Dewey Decimal Classification     JCC Rouf Library JCC Rouf Library General Stacks 03/20/2023 4 530 BIG 1989 10901 06/19/2023 05/28/2023 C - 1 Books

JCC Library | Contacts | JCC Home

Last Update on 23 September 2017
Copyright @ 2017-2020 JCC Rouf Library
Rouf Library, Jhenidah Cadet College (JCC), Bangladesh